پہلا راجہ آدھے ادھورے / (Record no. 106946)

MARC details
000 -LEADER
fixed length control field 01058nam a22002777a 4500
005 - DATE AND TIME OF LATEST TRANSACTION
control field 20170123162319.0
010 ## - LIBRARY OF CONGRESS CONTROL NUMBER
LC control number 994573
020 ## - INTERNATIONAL STANDARD BOOK NUMBER
Terms of availability 00.00
035 ## - SYSTEM CONTROL NUMBER
System control number 994573
037 ## - SOURCE OF ACQUISITION
Source of stock number/acquisition Cen Lib/Ret
040 ## - CATALOGING SOURCE
Original cataloging agency DPL
Language of cataloging UR
082 ## - DEWEY DECIMAL CLASSIFICATION NUMBER
Classification number 842
Item number م ا ت
100 ## - MAIN ENTRY--PERSONAL NAME
Personal name ماتھر، جگدیش چندرا
9 (RLIN) 108074
245 ## - TITLE STATEMENT
Title پہلا راجہ آدھے ادھورے /
Statement of responsibility, etc جگدیش چندرا ماتھر [اور] موہن راکیش ؛ مرتجم قیصر کلندر
246 ## - VARYING FORM OF TITLE
Title proper/short title Pahla raja adhe adhoore /
Remainder of title by Jagdeesh Chandra Mathur [and] Mohan Rakesh ; traslated by Qaisar Kalandar
260 ## - PUBLICATION, DISTRIBUTION, ETC. (IMPRINT)
Place of publication, distribution, etc نیی دہلی
Name of publisher, distributor, etc نیشنل بک ٹرسٹ
Date of publication, distribution, etc 1980
270 ## - ADDRESS
City نیی دہلی
Address A-5, گرین پارک
Postal code 110016
300 ## - PHYSICAL DESCRIPTION
Extent 184p.
Dimensions 19cm(Hb)
650 ## - SUBJECT ADDED ENTRY--TOPICAL TERM
Topical term or geographic name as entry element ہندی ادب
9 (RLIN) 116186
650 ## - SUBJECT ADDED ENTRY--TOPICAL TERM
Topical term or geographic name as entry element ہندی ڈرامہ
9 (RLIN) 462
650 ## - SUBJECT ADDED ENTRY--TOPICAL TERM
Topical term or geographic name as entry element Hindi literature
9 (RLIN) 116187
650 ## - SUBJECT ADDED ENTRY--TOPICAL TERM
Topical term or geographic name as entry element Hindi drama
9 (RLIN) 116188
700 ## - ADDED ENTRY--PERSONAL NAME
Personal name موہن راکیش
9 (RLIN) 116189
700 ## - ADDED ENTRY--PERSONAL NAME
Personal name قیصر کلندر
9 (RLIN) 116190
942 ## - ADDED ENTRY ELEMENTS (KOHA)
Source of classification or shelving scheme Dewey Decimal Classification
Koha item type Urdu Bks
Classification part 842
Call number suffix م ا ت
Holdings
Withdrawn status Lost status Damaged status Not for loan Home library Current library Date acquired Source of acquisition Cost, normal purchase price Total Checkouts Full call number Barcode Date last seen Copy number Cost, replacement price Price effective from Koha item type
        Central Library Central Library 31/12/2015 Cen Lib/Ret 0.00   842 م ا ت 994573 31/12/2015 1 0.00 31/12/2015 Urdu Bks

© Delhi Public Library
Hit Counter
free hit counter